| 000 | 02556nam a2200385 i 4500 | ||
|---|---|---|---|
| 001 | 000022530 | ||
| 003 | DO-SdBNP | ||
| 005 | 20260415175501.0 | ||
| 007 | ta | ||
| 008 | 090701s2007 dr a l 000 0 spa d | ||
| 020 | _a9789945161304 | ||
| 040 |
_aDO-SdBNP _bspa _cBNPHU _erda |
||
| 041 | _aspa | ||
| 082 | 4 |
_a343.7293056 _bR426L 2007 _222 |
|
| 110 | 1 |
_aRepública Dominicana _9447 |
|
| 240 | 1 | 0 | _a[Leyes, etc.] |
| 245 | 1 | 3 |
_aLa legislación aduanera y sus modificaciones : _bley 3489, para el régimen de aduanas, ley 226-06, que otorga autonomía presupuestaria y patrimonio propio a la Dirección General de Aduanas / _cSecretaría de Estado de Haciendas, Dirección General de Aduanas. |
| 246 | 1 | 0 | _aLey 3489, para el régimen de aduanas |
| 246 | 1 | 0 | _aLey 226-06, que otorga autonomía presupuestaria y patrimonio propio a la Dirección General de Aduanas |
| 260 |
_aSanto Domingo : _bDirección General de Aduanas, _c2007. |
||
| 300 |
_a97 páginas : _bilustraciones ; _c23 cm. |
||
| 336 |
_atexto _btxt _2rdacontent |
||
| 337 |
_asin mediación _bn _2rdamedia |
||
| 338 |
_avolumen _bnc _2rdacarrier |
||
| 490 | 0 |
_aAduanas ; _v13 |
|
| 505 | 0 |
_aPrólogo -- _tLey 34-89, para el régimen de aduanas -- _tDe las aduanas y su funcionamiento -- _tFormalidades que deben llenarse en los puertos extranjeros sección primaria -- _tDe la entrada de los buques -- _tDe la descarga de los buques -- _tDel reconocimiento y despacho de las mercancías -- _tDel abandono de las mercancías -- _tDe la liquidación y recaudación de los derechos e impuestos -- _tDe la vista de inspección y despacho de los buques -- _tDe la exportación -- _tDel cabotaje -- _tDel tránsito -- _tDe las arribadas, recaladas y naufragios de buques -- _tDe los agentes de aduana y consignatarios de naves -- _tDel contrabando -- _tDe las reclamacines y recursos contra las decisiones aduaneras -- _tDisposiciones represivas -- _tDisposiciones generales Ley Nº 226-06 que otorga autonomía presupuestaria y patrimonio propio a la Dirección General de Aduanas. |
|
| 590 | _aInventariado, 2018/VM | ||
| 610 | 1 | 0 |
_aRepública Dominicana. _bDirección General de Aduanas. _943102 |
| 650 | 0 |
_aAduanas _xLeyes y legislación _96955 |
|
| 650 | 0 |
_aImpuestos _xLeyes y legislación _99338 |
|
| 650 | 4 |
_aAranceles de aduana _xLegislación _zRepública Dominicana _96956 |
|
| 710 |
_aRepública Dominicana. $t Ley 226-06, que otorga autonomía presupuestaria y patrimonio propio a la Dirección General de Aduanas. _988822 |
||
| 910 | _aValidado. Control de calidad MFF | ||
| 942 |
_2ddc _cLBS1 |
||
| 999 |
_c22027 _d22027 |
||